Making schemes green (Record no. 72415)

MARC details
000 -LEADER
fixed length control field 01428cam a2200241 4500
001 - CONTROL NUMBER
control field ABS66557
008 - FIXED-LENGTH DATA ELEMENTS--GENERAL INFORMATION
fixed length control field 030401n2003 000 0 eng u
035 ## - SYSTEM CONTROL NUMBER
System control number (Sirsi) u121859
100 ## - MAIN ENTRY--PERSONAL NAME
Personal name Porritt, J.
245 ## - TITLE STATEMENT
Title Making schemes green
260 ## - PUBLICATION, DISTRIBUTION, ETC.
Date of publication, distribution, etc. 2003
490 ## - SERIES STATEMENT
Series statement Regeneration and Renewal
Volume/sequential designation 21 March 2003, 19-21(3)
520 ## - SUMMARY, ETC.
Summary, etc. Examines the concept of environmental sustainability in regeneration projects. Argues that environmental issues such as energy efficiency and repair rather than redevelopment are often overlooked as regeneration projects focus on social and economic concerns. Highlights the Bedzed housing scheme in Sutton and the Home Zone initiatives as environmental success stories, but suggests that government has missed opportunities for environmental sustainability in planning reform and urban renaissance proposals. Concludes by describing three projects which show how building environmental sustainability into a scheme can have important knock-on benefits for regeneration; the Fairfield Housing Co-operative in Perth, the Fourth Grace on the Liverpool Waterfront and the Arts Factory in the Rhondda Valley.
590 ## - LOCAL NOTE (RLIN)
Local note ABS
650 ## - SUBJECT ADDED ENTRY--TOPICAL TERM
Topical term or geographic name entry element REGENERATION PROJECTS
650 ## - SUBJECT ADDED ENTRY--TOPICAL TERM
Topical term or geographic name entry element SUSTAINABLE DEVELOPMENT
650 ## - SUBJECT ADDED ENTRY--TOPICAL TERM
Topical term or geographic name entry element ENVIRONMENTAL SUSTAINABILITY
650 ## - SUBJECT ADDED ENTRY--TOPICAL TERM
Topical term or geographic name entry element ENERGY EFFICIENT
650 ## - SUBJECT ADDED ENTRY--TOPICAL TERM
Topical term or geographic name entry element ENVIRONMENTALLY FRIENDLY
690 ## - LOCAL SUBJECT ADDED ENTRY--TOPICAL TERM (OCLC, RLIN)
Topical term or geographic name as entry element REGENERATION
700 ## - ADDED ENTRY--PERSONAL NAME
Personal name Adebowale, M.
942 ## - ADDED ENTRY ELEMENTS (KOHA)
Suppress in OPAC 0
Holdings
Withdrawn status Lost status Source of classification or shelving scheme Damaged status Not for loan Home library Current library Shelving location Date acquired Total Checkouts Full call number Barcode Date last seen Copy number Price effective from Koha item type
    Dewey Decimal Classification     London London Journal article 01/04/2003   ABS66557 121859-1001 06/08/2019 1 06/08/2019 Journal article